000 00622 a2200217 4500
502 _aThèse d'exercice
653 1 _aSciences agronomiques
100 _aAlidou, Aïchatou
300 _aXVII-110 p.
245 _aFormes et fréquences de la consommation du pain industriel dans la ville de Cotonou
650 _aCONSOMMATION
650 _aPAIN
650 _aINDUSTRIE
130 _lFr
710 _aAbomey-Calavi, Université nationale du Bénin, Faculté des Sciences Agronomiques, BJ
041 _bFr
041 _bEn
653 1 _aNutrition et sciences agro-alimentaires
651 _aBENIN
999 _c31151
_d31151